Statystyki dla w którym roku było to wydarzenie?

Kliknij tutaj aby rozwiązać quiz!

Ogólne statystyki

  • Ten quiz został rozwiązany 59 razy
  • Średni wynik to 6 z 7

Statystyki odpowiedzi

wydarzeniedata% Poprawnych
wybuch 2 wojny
światowej
1939
98%
Rozpad ZSRR1991
96%
chrzest Polski966
96%
bitwa pod Grunwaldem1410
94%
powstanie Warszawskie1944
92%
zatonięcie Titanica1912
73%
bitwa pod Wiedniem1683
48%

Rozkład punktacji

Percentyl według liczby udzielonych odpowiedzi

Procent ludzi z każdym wynikiem

Twoja historia wyników

Nie rozwiązałeś tego quizu